00847nam a22001697a 4500003000400000005001700004008004100021040002600062082002000088100001800108245006700126260002700193300003000220520039600250546001300646700001800659OSt20260303085849.0260303b |||||||| |||| 00| 0 eng d aDWCL GS library cOC  aFic. D746t 2003 aDower, Laura  afrom the files of madison finnb: sink or swim cLaura, Dower  aNew York bVolocc2003 a172billustration c19cm  aMadison and her friends have a big plans for summer but everything is about to change. After agreeing to baby- sit for the neighbor's quite kid, Madison soon finds out that he's not so quite, after all. Aimee stays off her toes before dance camp, but ends up taking another big plunge. Will madison and her bff's turn down the heat themselves or will lifeguard in training hart save summer? aEnglish  aLaura Dowell